| 000 | 00602nam a2200229 a 4500 | ||
|---|---|---|---|
| 999 |
_c5173 _d5173 |
||
| 001 | 5173 | ||
| 003 | BD-JhCC | ||
| 005 | 20180714181751.0 | ||
| 008 | 171210s1985 u a|||| || | 001 0 eng d | ||
| 035 | _a(BD-JhCC)5173 | ||
| 040 |
_aBD-JhCC _dBD-JhCC |
||
| 041 | _aeng | ||
| 082 |
_a511 _bRUC 1985 |
||
| 100 | _aRucker, Walter E. | ||
| 245 |
_aHeath Mathematics / _cWalter E. Rucker, Clyde A. Dilley & David W. Lowry |
||
| 260 |
_aUSA : _bD. C. Health Company, _c1985. |
||
| 300 |
_a474 p. : _c24 cm. |
||
| 650 | _aMathmatics | ||
| 700 | _aDilley, Clyde A. | ||
| 942 |
_2ddc _cBK |
||